000 00320nam a2200133Ia 4500
008 231129s1979||||xx |||||||||||||| ||spa||
040 _bspa
082 _a823 D314ro
100 _aDefoe Daniel
245 0 _aAventuras de Robinson Crusoe
260 _c1979
264 _aMedellí­n Colombia: Bedout
942 _2ddc
_cBKS
999 _c5951
_d5951